Professing Sociology: Studies in the life cycle of Social Science
Đã lưu trong:
| Tác giả chính: | |
|---|---|
| Định dạng: | Sách |
| Ngôn ngữ: | Tiếng Anh |
| Được phát hành: |
Carbondale
Southern Illinois University Press
1968
|
| Những chủ đề: | |
| Các nhãn: |
Thêm thẻ
Không có thẻ, Là người đầu tiên thẻ bản ghi này!
|
MARC
| LEADER | 00000nam a2200000 a 4500 | ||
|---|---|---|---|
| 001 | UCG0550 | ||
| 003 | CL-VaPUC | ||
| 008 | 100325e19680000US |||||||||||||||||eng|d | ||
| 020 | |a 0809307413 | ||
| 082 | 0 | 4 | |a 301 |b HOR |2 21 |
| 100 | |a Horowitz, Irving Louis |e author |9 548049 | ||
| 245 | 1 | 0 | |a Professing Sociology: Studies in the life cycle of Social Science |
| 300 | |a 232 p | ||
| 942 | |c BK | ||
| 945 | |d 20100325 00:00:00 |a dcastane | ||
| 260 | |a Carbondale |b Southern Illinois University Press |c 1968 | ||
| 650 | 0 | |a Ciencias sociales |9 256351 | |
| 650 | 0 | |a Sociología |9 255410 | |
| 650 | 0 | |a Cambio social |9 256857 | |
| 583 | |a last modification |c 20130307 10:25:22 |k Rodrigo Vera | ||
| 999 | |c 340171 |d 340169 | ||
| 952 | |0 0 |1 0 |4 0 |6 301_000000000000000_HOR_1968 |7 0 |8 A |9 434707 |a BIBHIS |b BIBHIS |d 2019-11-22 |i 4643526 |o 301 HOR 1968 |p 4643526 |r 2025-01-20 |w 2019-11-22 |y BK |k HIS | ||